000 00813cam a2200241 i 4500
001 17686278
005 20180111094213.0
008 130405s2014 nyua 001 0 eng
010 _a 2013013128
020 _a9780078025549 (alk. paper)
020 _a0078025540 (alk. paper)
040 _aDLC
_beng
_cDLC
_erda
_dDLC
041 _aeng
042 _apcc
080 _a657 SPI
082 0 0 _a657 SPI
_223
100 1 _a61
101 _aKF
245 1 0 _aFinancial accounting /
_cJ. David Spiceland, University of Memphis, Wayne Thomas, University of Oklahoma, Don Herrmann, Oklahoma State University.
906 _a7
_bcbc
_corignew
_d1
_eecip
_f20
_gy-gencatlg
942 _2ddc
_cBK
999 _c40157
_d40157